| 000 | 00525nam a2200133Ia 4500 | ||
|---|---|---|---|
| 008 | 171212s9999 xx 000 0 und d | ||
| 020 | _a9780874215779 | ||
| 100 | _aCouture, Barbara | ||
| 245 |
_cCouture, Barbaraeditor Kent, Thomas _aPrivate, the Public, and the Published _bReconciling Private Lives and Public Rhetoric |
||
| 260 |
_bUniversity Press of Colorado _c2004 |
||
| 650 | _aLanguage & Literature | ||
| 650 | _aRhetoric; Written communication; Privacy, Right of | ||
| 856 | _uwww.jstor.org/stable/10.2307/j.ctt46nws6 | ||
| 999 |
_c353153 _d353153 |
||